| 000 | 01472nam a22003011i 4500 | ||
|---|---|---|---|
| 001 | 154113 | ||
| 003 | ES-MaACL | ||
| 005 | 20250718063325.0 | ||
| 008 | 931025s1596 sp |||| | spa d | ||
| 100 | 1 |
_aFonseca, Cristóbal de _eaut _951516 |
|
| 245 | 1 | 0 |
_aPrimera parte de la Vida de Christo Señor Nuestro / _ccompuesto por el Padre Maestro Fray Christoual de Fonseca... |
| 260 |
_aToledo : _bpor Thomas de Guzman, _c1596. |
||
| 300 |
_a[9], 383, [8] hojas ; _cFol. (30 cm) |
||
| 500 | _aHojas imp. por ambas caras | ||
| 510 | 4 |
_aCCBE S. XVI, _cF, 805 |
|
| 530 | _aDisponible en formato digital | ||
| 596 | _aColofón | ||
| 597 | _aSign.: [ ]1, ¶7, a1, A9, B-Z8, 2A-2Y8, 2Z10, Aaa8-Bbb6, ¶8. | ||
| 597 | _aTexto a dos col. | ||
| 599 | _aPort. con grab. xil. que representa la Crucifixión | ||
| 600 | 0 | 4 |
_aJesucristo- _xBiografías. _9140032 |
| 852 | 4 |
_aES-MaACL _cDEPO _dG-6375 _gDedicatoria autógrafa de Rafael Álvarez Sereix al Ateneo de Madrid, junio de 1885 _hDonativo de Rafael Álvarez Sereix _jR-747 _qÚltimas h., de índice y colofón, deterioradas en los bordes _xPasta española |
|
| 856 | 4 |
_uhttp://hdl.handle.net/10481/10866 _yVersión en línea _z(Ilíberis: fondo bibliográfico histórico de la Universidad de Granada) |
|
| 856 | 4 |
_uhttps://hdl.handle.net/11656/7728 _yVersión en línea _z(Biblioteca Digital Loyola) |
|
| 942 |
_2udc _cMONANT _n0 |
||
| 999 |
_c154113 _d154113 |
||